Geography Quiz

Random Geography or City Quiz
Score 0/45 Timer 05:00
4 Plays Today
% Correct
Canada
87.3%
Grand Canyon
85.4%
Beijing
84%
India
83.1%
Washington, D.C.
82.6%
Japan
82.5%
Sydney Opera House
81.8%
Great Barrier Reef
81.5%
Havana
79.3%
CN Tower
79.2%
Barbados
78.5%
New Zealand
77.9%
Nicaragua
75.1%
Belize
74.7%
Laos
74.7%
Jakarta
74.2%
Tonga
73.3%
Kyrgyzstan
73.1%
Mount Everest
72.7%
San José
72.4%
Taj Mahal
71.9%
Panama Canal
71.7%
Micronesia
71.7%
% Correct
Papua New Guinea
70.5%
To Sua Ocean Trench
70.3%
Angkor Wat
70.1%
Tuvalu
70.1%
Kabul
69.1%
Saint Lucia
66.9%
Beirut
64.4%
Suva
64.2%
Maldives
59.3%
Port of Spain
58.5%
Chichen Itza
56.1%
Apia
56%
Port Vila
54.9%
Honiara
53%
Dome of the Rock
51.8%
Tbilisi
50.6%
Tegucigalpa
49.3%
Yaren
46.1%
Sky Tower
42.4%
Petra
36%
Nan Madol
31.6%
Tikal Temple
26.8%

You're not logged in!

Compare scores with friends on all Sporcle quizzes.
OR
Log In

Sporcle TV

Today on Sporcle TV


Watch our educational content, quiz creation guides, and fun videos on Sporcle TV.

Show Comments

Extras

Top Quizzes Today


Score Distribution

Paid Content

Your Account Isn't Verified!

In order to create a playlist on Sporcle, you need to verify the email address you used during registration. Go to your Sporcle Settings to finish the process.

Report this User

Report this user for behavior that violates our Community Guidelines.

Details: